[Event "1st 4NCL Easter Congress"]
[Site "Stevenage"]
[Date "2019.04.19"]
[Round "1"]
[Board "1"]
[White "Gormally, Daniel W"]
[Black "Chakanyuka, Charles"]
[Result "1-0"]
[WhiteElo "2509"]
[BlackElo "2028"]
[PlyCount "0"]
[EventDate "2019.04.19"]
[EventRounds "7"]
[EventCountry "ENG"]

1. e4 {[%clk 01:30:57]} {[%emt 00:00:03]} d6 {[%clk 01:29:41]} {[%emt
00:01:19]} 2. d4 {[%clk 01:31:15]} {[%emt 00:00:12]} Nf6 {[%clk 01:30:03]}
{[%emt 00:00:08]} 3. Nc3 {[%clk 01:31:40]} {[%emt 00:00:05]} c6 {[%clk
01:30:23]} {[%emt 00:00:11]} 4. Nf3 {[%clk 01:31:48]} {[%emt 00:00:21]} Qa5
{[%clk 01:30:33]} {[%emt 00:00:20]} 5. Bd2 {[%clk 01:29:45]} {[%emt 00:02:33]}
e5 {[%clk 01:30:15]} {[%emt 00:00:48]} 6. Nd5 {[%clk 01:28:55]} {[%emt
00:01:19]} Qd8 {[%clk 01:30:30]} {[%emt 00:00:14]} 7. Nxf6+ {[%clk 01:29:19]}
{[%emt 00:00:08]} Qxf6 {[%clk 01:29:37]} {[%emt 00:01:24]} 8. Bg5 {[%clk
01:27:41]} {[%emt 00:02:07]} Qg6 {[%clk 01:24:52]} {[%emt 00:05:16]} 9. dxe5
{[%clk 01:26:37]} {[%emt 00:01:34]} Bg4 {[%clk 01:24:11]} {[%emt 00:01:10]} 10.
Be3 {[%clk 01:25:20]} {[%emt 00:01:47]} Nd7 {[%clk 01:22:27]} {[%emt 00:02:14]}
11. exd6 {[%clk 01:24:29]} {[%emt 00:01:21]} Qxe4 {[%clk 01:20:46]} {[%emt
00:02:10]} 12. Be2 {[%clk 01:22:01]} {[%emt 00:02:58]} Qb4+ {[%clk 01:18:38]}
{[%emt 00:02:38]} 13. c3 {[%clk 01:20:02]} {[%emt 00:02:29]} Qxd6 {[%clk
01:15:59]} {[%emt 00:03:09]} 14. Qa4 {[%clk 01:19:42]} {[%emt 00:00:50]} Bxf3
{[%clk 01:11:56]} {[%emt 00:04:33]} 15. Bxf3 {[%clk 01:16:19]} {[%emt
00:03:52]} Nc5 {[%clk 01:11:36]} {[%emt 00:00:51]} 16. Bxc5 {[%clk 01:13:01]}
{[%emt 00:03:48]} Qxc5 {[%clk 01:11:34]} {[%emt 00:00:31]} 17. O-O-O {[%clk
01:11:55]} {[%emt 00:01:37]} Be7 {[%clk 01:10:42]} {[%emt 00:01:22]} 18. Rd5
{[%clk 01:09:59]} {[%emt 00:02:26]} Bg5+ {[%clk 00:59:14]} {[%emt 00:11:58]} 19.
Kb1 {[%clk 01:08:52]} {[%emt 00:01:37]} Qe7 {[%clk 00:59:34]} {[%emt 00:00:11]}
20. Rhd1 {[%clk 01:05:07]} {[%emt 00:04:14]} O-O {[%clk 00:56:09]} {[%emt
00:03:55]} 21. Rd7 {[%clk 01:05:31]} {[%emt 00:00:05]} Qc5 {[%clk 00:44:56]}
{[%emt 00:11:43]} 22. Rxb7 {[%clk 01:05:52]} {[%emt 00:00:09]} Qxf2 {[%clk
00:44:50]} {[%emt 00:00:36]} 23. Qxc6 {[%clk 01:05:18]} {[%emt 00:01:05]} Rad8
{[%clk 00:38:14]} {[%emt 00:07:06]} 24. Rxd8 {[%clk 01:04:34]} {[%emt
00:01:14]} Rxd8 {[%clk 00:38:03]} {[%emt 00:00:41]} 25. a4 {[%clk 01:04:44]}
{[%emt 00:00:20]} h6 {[%clk 00:30:03]} {[%emt 00:08:30]} 26. Ka2 {[%clk
01:00:27]} {[%emt 00:04:47]} Qc2 {[%clk 00:07:50]} {[%emt 00:22:42]} 27. Bd5
{[%clk 00:57:10]} {[%emt 00:03:48]} Rxd5 {[%clk 00:06:04]} {[%emt 00:02:16]} 28.
Qxd5 {[%clk 00:57:16]} {[%emt 00:00:24]} Qxa4+ {[%clk 00:06:23]} {[%emt
00:00:10]} 29. Kb1 {[%clk 00:57:43]} {[%emt 00:00:04]} Qf4 {[%clk 00:06:16]}
{[%emt 00:00:36]} 30. Rxa7 {[%clk 00:56:25]} {[%emt 00:01:49]} Bf6 {[%clk
00:05:28]} {[%emt 00:01:18]} 31. Qxf7+ {[%clk 00:55:52]} {[%emt 00:01:03]} Kh7
{[%clk 00:05:53]} {[%emt 00:00:05]} 32. Qd5 {[%clk 00:56:03]} {[%emt 00:00:19]}
Bxc3 {[%clk 00:05:00]} {[%emt 00:01:23]} 33. Qd3+ {[%clk 00:55:46]}  1-0

[Event "1st 4NCL Easter Congress"]
[Site "Stevenage"]
[Date "2019.04.19"]
[Round "1"]
[Board "2"]
[White "Taylor, Robert K"]
[Black "Hebden, Mark L"]
[Result "0-1"]
[WhiteElo "1982"]
[BlackElo "2420"]
[PlyCount "0"]
[EventDate "2019.04.19"]
[EventRounds "7"]
[EventCountry "ENG"]

1. e4 {[%clk 01:30:57]} {[%emt 00:00:02]} e5 {[%clk 01:30:26]} {[%emt
00:00:34]} 2. Nc3 {[%clk 01:31:21]} {[%emt 00:00:07]} Nf6 {[%clk 01:30:45]}
{[%emt 00:00:11]} 3. Nf3 {[%clk 01:31:46]} {[%emt 00:00:06]} Nc6 {[%clk
01:31:08]} {[%emt 00:00:06]} 4. a3 {[%clk 01:32:11]} {[%emt 00:00:05]} Be7
{[%clk 01:28:18]} {[%emt 00:03:20]} 5. d4 {[%clk 01:30:26]} {[%emt 00:02:16]}
exd4 {[%clk 01:28:27]} {[%emt 00:00:21]} 6. Nxd4 {[%clk 01:30:52]} {[%emt
00:00:04]} O-O {[%clk 01:28:19]} {[%emt 00:00:37]} 7. Be2 {[%clk 01:27:06]}
{[%emt 00:04:16]} d5 {[%clk 01:26:08]} {[%emt 00:02:41]} 8. exd5 {[%clk
01:24:21]} {[%emt 00:03:16]} Nxd5 {[%clk 01:26:20]} {[%emt 00:00:17]} 9. Nxc6
{[%clk 01:22:46]} {[%emt 00:02:06]} bxc6 {[%clk 01:26:40]} {[%emt 00:00:10]} 10.
O-O {[%clk 01:22:46]} {[%emt 00:00:30]} Bd6 {[%clk 01:26:32]} {[%emt 00:00:38]}
11. Qd3 {[%clk 01:16:58]} {[%emt 00:06:19]} Rb8 {[%clk 01:17:09]} {[%emt
00:09:53]} 12. Rd1 {[%clk 01:07:20]} {[%emt 00:10:07]} Re8 {[%clk 01:14:45]}
{[%emt 00:02:54]} 13. Nxd5 {[%clk 01:01:58]} {[%emt 00:05:53]} cxd5 {[%clk
01:15:02]} {[%emt 00:00:13]} 14. Be3 {[%clk 01:00:21]} {[%emt 00:02:07]} Rxb2
{[%clk 01:10:35]} {[%emt 00:04:57]} 15. Qxd5 {[%clk 00:53:32]} {[%emt
00:07:19]} Bb7 {[%clk 01:06:14]} {[%emt 00:04:51]} 16. Qh5 {[%clk 00:49:47]}
{[%emt 00:04:15]} Be4 {[%clk 01:03:12]} {[%emt 00:03:33]} 17. Bc4 {[%clk
00:44:36]} {[%emt 00:05:40]} Bg6 {[%clk 01:02:52]} {[%emt 00:00:49]} 18. Qh3
{[%clk 00:39:23]} {[%emt 00:05:44]} Rxc2 {[%clk 01:01:51]} {[%emt 00:01:31]} 19.
Bb5 {[%clk 00:37:38]} {[%emt 00:02:16]} Re5 {[%clk 01:00:48]} {[%emt 00:01:32]}
20. a4 {[%clk 00:33:22]} {[%emt 00:04:46]} Rh5 {[%clk 00:56:06]} {[%emt
00:05:12]} 21. Qg3 {[%clk 00:33:36]} {[%emt 00:00:17]} Qf6 {[%clk 00:56:11]}
{[%emt 00:00:24]} 22. Bf4 {[%clk 00:32:17]} {[%emt 00:01:49]} h6 {[%clk
00:51:22]} {[%emt 00:05:18]} 23. Bxd6 {[%clk 00:29:41]} {[%emt 00:03:07]} cxd6
{[%clk 00:51:51]} {[%emt 00:00:02]} 24. Ra3 {[%clk 00:25:29]} {[%emt 00:04:42]}
Rg5 {[%clk 00:49:41]} {[%emt 00:02:39]} 25. Qe3 {[%clk 00:24:39]} {[%emt
00:01:21]} a5 {[%clk 00:46:05]} {[%emt 00:04:07]} 26. Bd3 {[%clk 00:18:15]}
{[%emt 00:06:54]} Re5 {[%clk 00:40:49]} {[%emt 00:05:46]} 27. Qg3 {[%clk
00:18:04]} {[%emt 00:00:41]} Qe7 {[%clk 00:37:21]} {[%emt 00:03:57]} 28. Raa1
{[%clk 00:17:15]} {[%emt 00:01:19]} Rc3 {[%clk 00:36:40]} {[%emt 00:01:11]}  0-1

[Event "1st 4NCL Easter Congress"]
[Site "Stevenage"]
[Date "2019.04.19"]
[Round "1"]
[Board "3"]
[White "Wells, Peter K"]
[Black "See, Tristian"]
[Result "1-0"]
[WhiteElo "2416"]
[BlackElo "1978"]
[PlyCount "0"]
[EventDate "2019.04.19"]
[EventRounds "7"]
[EventCountry "ENG"]

1. d4 {[%clk 01:21:00]} {[%emt 00:09:59]} d5 {[%clk 01:30:41]} {[%emt
00:00:20]} 2. c4 {[%clk 01:21:19]} {[%emt 00:00:10]} dxc4 {[%clk 01:30:54]}
{[%emt 00:00:18]} 3. Nf3 {[%clk 01:21:01]} {[%emt 00:00:48]} Nf6 {[%clk
01:30:20]} {[%emt 00:01:05]} 4. e3 {[%clk 01:21:00]} {[%emt 00:00:30]} e6
{[%clk 01:27:54]} {[%emt 00:02:56]} 5. Bxc4 {[%clk 01:21:13]} {[%emt 00:00:17]}
Nc6 {[%clk 01:26:07]} {[%emt 00:02:17]} 6. Nc3 {[%clk 01:18:16]} {[%emt
00:03:27]} Bd6 {[%clk 01:22:37]} {[%emt 00:04:01]} 7. e4 {[%clk 01:15:47]}
{[%emt 00:02:58]} Bb4 {[%clk 01:15:31]} {[%emt 00:07:36]} 8. Bg5 {[%clk
01:07:28]} {[%emt 00:08:49]} h6 {[%clk 01:13:39]} {[%emt 00:02:23]} 9. Bxf6
{[%clk 01:05:22]} {[%emt 00:02:36]} Qxf6 {[%clk 01:11:53]} {[%emt 00:02:16]} 10.
O-O {[%clk 01:02:18]} {[%emt 00:03:34]} O-O {[%clk 00:59:05]} {[%emt 00:13:18]}
11. e5 {[%clk 00:57:30]} {[%emt 00:05:18]} Qe7 {[%clk 00:57:01]} {[%emt
00:02:35]} 12. Ne2 {[%clk 00:51:44]} {[%emt 00:06:16]} Rd8 {[%clk 00:54:25]}
{[%emt 00:03:06]} 13. Qc2 {[%clk 00:50:01]} {[%emt 00:02:13]} Ba5 {[%clk
00:54:26]} {[%emt 00:00:30]} 14. a3 {[%clk 00:50:15]} {[%emt 00:00:16]} Bb6
{[%clk 00:50:26]} {[%emt 00:04:29]} 15. Rad1 {[%clk 00:48:39]} {[%emt
00:02:06]} a5 {[%clk 00:48:52]} {[%emt 00:02:05]} 16. Ba2 {[%clk 00:47:17]}
{[%emt 00:01:51]} Qf8 {[%clk 00:42:42]} {[%emt 00:06:40]} 17. h4 {[%clk
00:44:11]} {[%emt 00:03:35]} Kh8 {[%clk 00:35:39]} {[%emt 00:07:35]} 18. Bb1
{[%clk 00:33:14]} {[%emt 00:11:28]} Qg8 {[%clk 00:35:32]} {[%emt 00:00:36]} 19.
Rfe1 {[%clk 00:27:11]} {[%emt 00:06:33]} Ne7 {[%clk 00:26:28]} {[%emt
00:09:33]} 20. Nf4 {[%clk 00:26:56]} {[%emt 00:00:46]} Bd7 {[%clk 00:24:44]}
{[%emt 00:02:14]} 21. d5 {[%clk 00:20:42]} {[%emt 00:06:44]} Nxd5 {[%clk
00:23:32]} {[%emt 00:01:43]} 22. Rxd5 {[%clk 00:18:27]} {[%emt 00:02:45]} exd5
{[%clk 00:23:55]} {[%emt 00:00:06]} 23. e6 {[%clk 00:18:52]} {[%emt 00:00:05]}
Be8 {[%clk 00:21:37]} {[%emt 00:02:48]} 24. Ne5 {[%clk 00:12:00]} {[%emt
00:07:21]} g6 {[%clk 00:20:06]} {[%emt 00:02:01]} 25. exf7 {[%clk 00:11:11]}
{[%emt 00:01:20]} Bxf7 {[%clk 00:20:30]} {[%emt 00:00:06]} 26. Nfxg6+ {[%clk
00:11:01]} {[%emt 00:00:39]} Kg7 {[%clk 00:19:14]} {[%emt 00:01:46]} 27. Ne7
{[%clk 00:10:49]} {[%emt 00:00:42]} Qh8 {[%clk 00:19:16]} {[%emt 00:00:28]} 28.
Nxf7 {[%clk 00:10:50]} {[%emt 00:00:29]} Kxf7 {[%clk 00:19:32]} {[%emt
00:00:14]} 29. Qg6+ {[%clk 00:11:10]} {[%emt 00:00:09]} Kf8 {[%clk 00:19:57]}
{[%emt 00:00:06]} 30. Qf5+ {[%clk 00:11:35]} {[%emt 00:00:05]} Kg7 {[%clk
00:20:19]} {[%emt 00:00:08]} 31. Qe5+ {[%clk 00:11:54]} {[%emt 00:00:11]}  1-0

[Event "1st 4NCL Easter Congress"]
[Site "Stevenage"]
[Date "2019.04.19"]
[Round "1"]
[Board "4"]
[White "Estevez Fernandez, Josue"]
[Black "Harvey, Marcus R"]
[Result "0-1"]
[WhiteElo "1976"]
[BlackElo "2402"]
[PlyCount "0"]
[EventDate "2019.04.19"]
[EventRounds "7"]
[EventCountry "ENG"]

1. e4 {[%clk 01:30:30]} {[%emt 01:56:09]} e6 {[%clk 01:20:50]} {[%emt
00:10:11]} 2. d4 {[%clk 01:30:57]} {[%emt 00:00:04]} d5 {[%clk 01:21:16]}
{[%emt 00:00:04]} 3. exd5 {[%clk 01:31:22]} {[%emt 00:00:05]} exd5 {[%clk
01:21:16]} {[%emt 00:00:30]} 4. Bd3 {[%clk 01:31:42]} {[%emt 00:00:09]} Bd6
{[%clk 01:20:52]} {[%emt 00:00:55]} 5. Nf3 {[%clk 01:31:35]} {[%emt 00:00:37]}
Ne7 {[%clk 01:21:16]} {[%emt 00:00:06]} 6. O-O {[%clk 01:31:23]} {[%emt
00:00:42]} Nbc6 {[%clk 01:20:38]} {[%emt 00:01:09]} 7. Re1 {[%clk 01:30:06]}
{[%emt 00:01:47]} Nb4 {[%clk 01:20:42]} {[%emt 00:00:27]} 8. Bf1 {[%clk
01:25:17]} {[%emt 00:05:18]} Bf5 {[%clk 01:20:57]} {[%emt 00:00:14]} 9. Na3
{[%clk 01:23:45]} {[%emt 00:02:02]} a6 {[%clk 01:19:43]} {[%emt 00:01:45]} 10.
c3 {[%clk 01:20:53]} {[%emt 00:03:23]} Nbc6 {[%clk 01:20:11]} {[%emt 00:00:02]}
11. Nc2 {[%clk 01:21:20]} {[%emt 00:00:02]} O-O {[%clk 01:19:49]} {[%emt
00:00:52]} 12. Bg5 {[%clk 01:17:17]} {[%emt 00:04:33]} f6 {[%clk 01:18:40]}
{[%emt 00:01:39]} 13. Bh4 {[%clk 01:17:36]} {[%emt 00:00:10]} Qd7 {[%clk
01:18:39]} {[%emt 00:00:32]} 14. Bg3 {[%clk 01:16:48]} {[%emt 00:01:17]} Bg4
{[%clk 01:12:22]} {[%emt 00:06:47]} 15. Ne3 {[%clk 00:58:53]} {[%emt 00:18:25]}
Bh5 {[%clk 01:12:31]} {[%emt 00:00:22]} 16. Ne5 {[%clk 00:33:13]} {[%emt
00:26:08]} Qe8 {[%clk 01:12:46]} {[%emt 00:00:17]} 17. Nf3 {[%clk 00:31:22]}
{[%emt 00:02:21]} Qd8 {[%clk 01:06:45]} {[%emt 00:06:31]} 18. Bd3 {[%clk
00:28:23]} {[%emt 00:03:26]} f5 {[%clk 01:05:03]} {[%emt 00:02:14]} 19. Bh4
{[%clk 00:21:17]} {[%emt 00:07:35]} Qd7 {[%clk 01:05:29]} {[%emt 00:00:06]} 20.
Bxe7 {[%clk 00:19:46]} {[%emt 00:02:01]} Nxe7 {[%clk 01:02:54]} {[%emt
00:03:04]} 21. Ne5 {[%clk 00:17:11]} {[%emt 00:03:05]} Bxe5 {[%clk 01:03:19]}
{[%emt 00:00:06]} 22. Qxh5 {[%clk 00:17:29]} {[%emt 00:00:12]} g6 {[%clk
01:03:42]} {[%emt 00:00:06]} 23. Qd1 {[%clk 00:14:42]} {[%emt 00:03:17]} Bg7
{[%clk 01:02:27]} {[%emt 00:01:46]} 24. Nf1 {[%clk 00:10:13]} {[%emt 00:04:59]}
Nc8 {[%clk 01:02:30]} {[%emt 00:00:27]} 25. Qe2 {[%clk 00:08:48]} {[%emt
00:01:55]} Nd6 {[%clk 01:02:16]} {[%emt 00:00:44]} 26. Qe6+ {[%clk 00:08:08]}
{[%emt 00:01:09]} Qxe6 {[%clk 01:02:25]} {[%emt 00:00:21]} 27. Rxe6 {[%clk
00:08:22]} {[%emt 00:00:16]} Kf7 {[%clk 01:02:53]} {[%emt 00:00:02]} 28. Re2
{[%clk 00:08:24]} {[%emt 00:00:27]} Rfe8 {[%clk 01:03:09]} {[%emt 00:00:15]} 29.
Rae1 {[%clk 00:08:36]} {[%emt 00:00:16]} Rxe2 {[%clk 01:02:39]} {[%emt
00:01:01]} 30. Rxe2 {[%clk 00:09:01]} {[%emt 00:00:05]} b5 {[%clk 01:02:44]}
{[%emt 00:00:25]} 31. Ne3 {[%clk 00:07:13]} {[%emt 00:02:18]} c6 {[%clk
01:03:13]} {[%emt 00:00:02]} 32. Nc2 {[%clk 00:07:05]} {[%emt 00:00:37]} a5
{[%clk 01:03:42]} {[%emt 00:00:02]} 33. a4 {[%clk 00:05:39]} {[%emt 00:01:56]}
bxa4 {[%clk 01:02:54]} {[%emt 00:01:17]} 34. Na3 {[%clk 00:06:01]} {[%emt
00:00:09]} Rb8 {[%clk 01:03:19]} {[%emt 00:00:05]} 35. Kf1 {[%clk 00:03:24]}
{[%emt 00:03:07]} Rb3 {[%clk 01:02:13]} {[%emt 00:01:37]} 36. f3 {[%clk
00:03:20]} {[%emt 00:00:34]} Nb5 {[%clk 01:02:27]} {[%emt 00:00:16]} 37. Bc2
{[%clk 00:01:39]} {[%emt 00:02:10]} Rxb2 {[%clk 01:02:35]} {[%emt 00:00:22]} 38.
Bxa4 {[%clk 00:00:48]} {[%emt 00:01:21]} Rxe2 {[%clk 01:02:58]} {[%emt
00:00:07]}  0-1

[Event "1st 4NCL Easter Congress"]
[Site "Stevenage"]
[Date "2019.04.19"]
[Round "1"]
[Board "5"]
[White "Derakhshani, Borna"]
[Black "Cocks, Elliot"]
[Result "1-0"]
[WhiteElo "2316"]
[BlackElo "1944"]
[PlyCount "0"]
[EventDate "2019.04.19"]
[EventRounds "7"]
[EventCountry "ENG"]

1. d4 {[%clk 01:30:57]} {[%emt 00:00:03]} Nf6 {[%clk 01:30:41]} {[%emt
00:00:19]} 2. Bf4 {[%clk 01:31:19]} {[%emt 00:00:08]} d5 {[%clk 01:30:51]}
{[%emt 00:00:20]} 3. e3 {[%clk 01:31:22]} {[%emt 00:00:27]} Bf5 {[%clk
01:30:11]} {[%emt 00:01:09]} 4. Nf3 {[%clk 01:29:34]} {[%emt 00:02:19]} e6
{[%clk 01:30:16]} {[%emt 00:00:24]} 5. Ne5 {[%clk 01:29:30]} {[%emt 00:00:33]}
h6 {[%clk 01:19:44]} {[%emt 00:11:03]} 6. g4 {[%clk 01:27:58]} {[%emt
00:02:03]} Bh7 {[%clk 01:15:23]} {[%emt 00:04:50]} 7. h4 {[%clk 01:26:41]}
{[%emt 00:01:47]} Nbd7 {[%clk 01:10:16]} {[%emt 00:05:37]} 8. g5 {[%clk
01:25:24]} {[%emt 00:01:48]} hxg5 {[%clk 01:10:03]} {[%emt 00:00:43]} 9. hxg5
{[%clk 01:22:42]} {[%emt 00:03:12]} Bxc2 {[%clk 01:09:52]} {[%emt 00:00:40]} 10.
Qxc2 {[%clk 01:23:08]} {[%emt 00:00:04]} Rxh1 {[%clk 01:10:08]} {[%emt
00:00:14]} 11. gxf6 {[%clk 01:23:34]} {[%emt 00:00:04]} gxf6 {[%clk 01:07:13]}
{[%emt 00:03:25]} 12. Nd3 {[%clk 01:20:22]} {[%emt 00:03:42]} c5 {[%clk
01:04:01]} {[%emt 00:03:42]} 13. dxc5 {[%clk 01:17:00]} {[%emt 00:03:52]} Nxc5
{[%clk 01:03:34]} {[%emt 00:00:58]} 14. Nxc5 {[%clk 01:15:02]} {[%emt
00:02:29]} Qa5+ {[%clk 01:02:41]} {[%emt 00:01:21]} 15. Nc3 {[%clk 01:15:17]}
{[%emt 00:00:16]} Bxc5 {[%clk 00:59:36]} {[%emt 00:03:35]} 16. O-O-O {[%clk
01:15:35]} {[%emt 00:00:11]} Ke7 {[%clk 00:58:55]} {[%emt 00:01:11]} 17. e4
{[%clk 00:35:27]} {[%emt 00:40:39]} d4 {[%clk 00:51:29]} {[%emt 00:07:56]} 18.
Na4 {[%clk 00:32:03]} {[%emt 00:03:55]} Rc8 {[%clk 00:43:13]} {[%emt 00:08:44]}
19. Kb1 {[%clk 00:30:58]} {[%emt 00:01:36]} Rhh8 {[%clk 00:26:27]} {[%emt
00:17:16]} 20. Qb3 {[%clk 00:25:09]} {[%emt 00:06:20]} Kf8 {[%clk 00:09:48]}
{[%emt 00:17:09]} 21. Nxc5 {[%clk 00:25:12]} {[%emt 00:00:27]}  1-0

[Event "1st 4NCL Easter Congress"]
[Site "Stevenage"]
[Date "2019.04.19"]
[Round "1"]
[Board "6"]
[White "Royal, Shreyas"]
[Black "Willow, Jonah B"]
[Result "0-1"]
[WhiteElo "1943"]
[BlackElo "2302"]
[PlyCount "0"]
[EventDate "2019.04.19"]
[EventRounds "7"]
[EventCountry "ENG"]

1. d4 {[%clk 01:30:46]} {[%emt 00:00:14]} Nf6 {[%clk 01:30:47]} {[%emt
00:00:13]} 2. c4 {[%clk 01:30:31]} {[%emt 00:00:45]} c5 {[%clk 01:30:52]} 3. d5
{[%clk 01:30:31]} e6 {[%clk 01:30:52]} 4. Nc3 {[%clk 01:30:31]} exd5 {[%clk
01:30:52]} 5. cxd5 {[%clk 01:30:31]} d6 {[%clk 01:30:52]} 6. e4 {[%clk
01:30:31]} g6 {[%clk 01:30:52]} 7. f4 {[%clk 01:30:31]} Bg7 {[%clk 01:30:52]} 8.
Bb5+ {[%clk 01:30:31]} Nfd7 {[%clk 01:30:52]} 9. a4 {[%clk 01:30:31]} Qh4+
{[%clk 01:30:52]} 10. g3 {[%clk 01:30:31]} Qe7 {[%clk 01:30:52]} 11. Qe2 {[%clk
01:30:31]} O-O {[%clk 01:30:52]} 12. Nf3 {[%clk 01:30:31]} Na6 {[%clk
01:30:52]} 13. O-O {[%clk 01:30:31]} Nb4 {[%clk 01:30:52]} 14. Be3 {[%clk
01:30:31]} Nf6 {[%clk 01:30:52]} 15. Bf2 {[%clk 01:30:31]} Bg4 {[%clk
01:30:52]} 16. Rad1 {[%clk 01:30:31]} a6 {[%emt 01:07:04]} 17. Bc4 Rae8 {[%clk
01:13:02]} {[%emt 00:00:56]} 18. Rfe1 {[%emt 00:12:04]} Nxe4 {[%clk 00:59:41]}
{[%emt 00:07:52]} 19. h3 {[%clk 00:38:09]} {[%emt 00:12:33]} Nxc3 {[%clk
00:52:11]} {[%emt 00:08:00]} 20. Qxe7 {[%clk 00:35:34]} {[%emt 00:03:06]} Rxe7
{[%clk 00:52:27]} {[%emt 00:00:14]} 21. bxc3 {[%clk 00:33:33]} {[%emt
00:02:31]} Rxe1+ {[%clk 00:52:26]} {[%emt 00:00:32]} 22. Rxe1 {[%clk 00:33:29]}
{[%emt 00:00:34]} Bxf3 {[%clk 00:52:43]} {[%emt 00:00:12]} 23. cxb4 {[%clk
00:33:50]} {[%emt 00:00:10]} cxb4 {[%clk 00:52:50]} {[%emt 00:00:23]} 24. Rb1
{[%clk 00:24:43]} {[%emt 00:09:37]} Rc8 {[%clk 00:52:57]} {[%emt 00:00:22]} 25.
Bb3 {[%clk 00:24:44]} {[%emt 00:00:29]} Be4 {[%clk 00:50:58]} {[%emt 00:02:29]}
26. Re1 {[%clk 00:25:07]} {[%emt 00:00:07]} f5 {[%clk 00:51:11]} {[%emt
00:00:17]} 27. Bb6 {[%clk 00:24:14]} {[%emt 00:01:24]} Rc3 {[%clk 00:47:15]}
{[%emt 00:04:26]} 28. Re3 {[%clk 00:24:39]} {[%emt 00:00:04]} Rxe3 {[%clk
00:47:00]} {[%emt 00:00:45]} 29. Bxe3 {[%clk 00:24:57]} {[%emt 00:00:12]} b5
{[%clk 00:47:26]} {[%emt 00:00:05]} 30. axb5 {[%clk 00:23:36]} {[%emt
00:01:51]} axb5 {[%clk 00:47:49]} {[%emt 00:00:06]} 31. Bb6 {[%clk 00:23:18]}
{[%emt 00:00:48]} Kf7 {[%clk 00:46:52]} 32. Kf2 {[%clk 00:22:59]} {[%emt
00:02:16]} Bd3 {[%clk 00:47:10]} 33. Ke3 {[%clk 00:21:48]} {[%emt 00:01:54]}
Bc4 {[%clk 00:47:33]} 34. Bc2 {[%clk 00:21:55]} {[%emt 00:00:31]} Bxd5 {[%clk
00:47:28]} 35. Bb1 {[%clk 00:22:08]} {[%emt 00:00:51]} b3 {[%clk 00:47:18]}  0-1

[Event "1st 4NCL Easter Congress"]
[Site "Stevenage"]
[Date "2019.04.19"]
[Round "1"]
[Board "7"]
[White "Richardson, John R"]
[Black "Ansari, Athar"]
[Result "1-0"]
[WhiteElo "2243"]
[BlackElo "1934"]
[PlyCount "0"]
[EventDate "2019.04.19"]
[EventRounds "7"]
[EventCountry "ENG"]

1. e4 {[%clk 01:30:58]} {[%emt 00:00:02]} d5 {[%clk 01:30:53]} {[%emt
00:00:07]} 2. exd5 {[%clk 01:31:24]} {[%emt 00:00:04]} Qxd5 {[%clk 01:30:45]}
{[%emt 00:00:39]} 3. Nc3 {[%clk 01:31:50]} {[%emt 00:00:04]} Qa5 {[%clk
01:30:54]} {[%emt 00:00:20]} 4. Bc4 {[%clk 01:32:13]} {[%emt 00:00:08]} Nf6
{[%clk 01:30:22]} {[%emt 00:01:02]} 5. d3 {[%clk 01:32:36]} {[%emt 00:00:07]}
Bf5 {[%clk 01:28:27]} {[%emt 00:02:24]} 6. Bd2 {[%clk 01:33:01]} {[%emt
00:00:06]} c6 {[%clk 01:27:39]} {[%emt 00:01:18]} 7. Nd5 {[%clk 01:33:18]}
{[%emt 00:00:13]} Qd8 {[%clk 01:27:44]} {[%emt 00:00:25]} 8. Nxf6+ {[%clk
01:33:43]} {[%emt 00:00:05]} gxf6 {[%clk 01:27:46]} {[%emt 00:00:28]} 9. f4
{[%clk 01:34:09]} {[%emt 00:00:04]} h5 {[%clk 01:23:55]} {[%emt 00:04:21]} 10.
Qe2 {[%clk 01:31:55]} {[%emt 00:02:44]} Nd7 {[%clk 01:21:48]} {[%emt 00:02:38]}
11. a3 {[%clk 01:30:59]} {[%emt 00:01:26]} Nb6 {[%clk 01:22:11]} {[%emt
00:00:08]} 12. Bb3 {[%clk 01:28:18]} {[%emt 00:03:10]} Qd7 {[%clk 01:18:39]}
{[%emt 00:04:03]} 13. Nf3 {[%clk 01:24:00]} {[%emt 00:04:48]} Bg6 {[%clk
01:15:00]} {[%emt 00:04:08]} 14. Nh4 {[%clk 01:22:03]} {[%emt 00:02:28]} Qg4
{[%clk 01:11:46]} {[%emt 00:03:43]} 15. Qf2 {[%clk 01:21:14]} {[%emt 00:01:20]}
Bh6 {[%clk 01:04:31]} {[%emt 00:07:44]} 16. h3 {[%clk 01:19:16]} {[%emt
00:02:29]} Qd7 {[%clk 01:04:28]} {[%emt 00:00:32]} 17. O-O-O {[%clk 01:16:22]}
{[%emt 00:03:24]} O-O-O {[%clk 01:01:38]} {[%emt 00:03:19]} 18. f5 {[%clk
01:15:09]} {[%emt 00:01:44]} Bxd2+ {[%clk 01:02:00]} {[%emt 00:00:08]} 19. Rxd2
{[%clk 01:15:26]} {[%emt 00:00:12]} Bh7 {[%clk 01:01:54]} {[%emt 00:00:36]} 20.
Bxf7 {[%clk 01:15:21]} {[%emt 00:00:36]} Bg8 {[%clk 01:02:19]} {[%emt
00:00:04]} 21. Bxg8 {[%clk 01:15:00]} {[%emt 00:00:51]} Rhxg8 {[%clk 01:01:54]}
{[%emt 00:00:55]} 22. Re1 {[%clk 01:14:38]} {[%emt 00:00:53]} Rg5 {[%clk
01:00:46]} {[%emt 00:01:37]} 23. Rde2 {[%clk 01:10:35]} {[%emt 00:04:34]} Qd5
{[%clk 01:00:38]} {[%emt 00:00:37]} 24. Kb1 {[%clk 01:10:47]} {[%emt 00:00:19]}
Qb5 {[%clk 00:58:17]} {[%emt 00:02:50]} 25. Ka2 {[%clk 01:04:06]} {[%emt
00:07:11]} Na4 {[%clk 00:56:45]} {[%emt 00:02:02]} 26. c4 {[%clk 01:04:20]}
{[%emt 00:00:17]} Qc5 {[%clk 00:53:32]} {[%emt 00:03:43]} 27. Qxc5 {[%clk
01:01:06]} {[%emt 00:03:44]} Nxc5 {[%clk 00:53:53]} {[%emt 00:00:08]} 28. Rxe7
{[%clk 01:01:20]} {[%emt 00:00:16]} Nxd3 {[%clk 00:53:15]} {[%emt 00:01:08]} 29.
R1e6 {[%clk 01:01:14]} {[%emt 00:00:35]} Nf4 {[%clk 00:49:31]} {[%emt
00:04:14]} 30. Rxf6 {[%clk 01:01:31]} {[%emt 00:00:14]} Nxg2 {[%clk 00:49:47]}
{[%emt 00:00:13]} 31. Nf3 {[%clk 01:00:50]} {[%emt 00:01:11]} Rg3 {[%clk
00:49:12]} {[%emt 00:01:06]} 32. Ne5 {[%clk 01:01:08]} {[%emt 00:00:12]} Re3
{[%clk 00:47:55]} {[%emt 00:01:47]} 33. Rff7 {[%clk 01:00:57]} {[%emt
00:00:40]} Rd6 {[%clk 00:47:37]} {[%emt 00:00:49]} 34. Rc7+ {[%clk 01:00:13]}
{[%emt 00:01:14]} Kd8 {[%clk 00:46:43]} {[%emt 00:01:25]} 35. Rxb7 {[%clk
01:00:23]} {[%emt 00:00:19]} Rxe5 {[%clk 00:46:31]} {[%emt 00:00:42]} 36. Rb8#
{[%clk 01:00:46]} {[%emt 00:00:06]}  1-0